LEADER 00951nam a2200229 a 4500 001 000000127029 003 CaOOAMICUS 005 20111115114612.0 008 111115s1963 it u000 u ita r 040 $aPUL$bita 100 1 $aGentili, Otello,$csac.$0(OLS)http://pul/name/4207 245 12$aL'apostolo della Cina :$bP. Matteo Ricci s. j. (1552-1610) /$cOtello Gentili. 250 $a2. ed. 260 $aMacerata :$bUfficio missionario diocesano,$c1963. 300 $a219 p. ;$c18 cm. 600 14$aRicci, Matteo,$cS.I.,$d1552-1610.$0(OLS)http://pul/subject/8113 850 $aPUL 852 $aPUL$W1$xDP1 Fondo Maccarrone$y58$m1512 E 4$j146886$qFondi$B145580$CPULBib$Z2$F145580 $H02782 $82 941 1 $a1 996 $6245$aL'apostolo della Cina :$bP. Matteo Ricci s. j. (1552-1610)$9(OLS)http://pul/title/160477 996 $6260$aMacerata :$bUfficio missionario diocesano$9(OLS)http://pul/publisher/81821 LEADER 01081nam a2200241 u 4500 001 000000088208 003 CaOOAMICUS 005 20070226124504.0 008 051026s1952 it ab u000 u ita u 035 $a11065708 040 $aPUL(R)$bita 100 1 $aPagani, Virginia.$0(OLS)http://pul/name/26518 245 13$aLa storia degli Apostoli narrata ai fanciulli /$cVirginia Pagani ; copertina e tavole di Vera Cekunova. 250 $a3. ed. 260 $aAssisi :$bEdizioni Pro Civitate Christiana,$c[1952] 300 $a208 p. :$bill., ;$c21 cm +$e1 carta geogr. ripieg 650 4$aApostoli$xBiografia.$0(OLS)http://pul/subject/14919 650 4$aFanciulli$xEducazione religiosa.$0(OLS)http://pul/subject/29127 850 $aPUL 852 $aPUL$W1$xDP1 Fondo Pastorale$y55$mP3 E 31$j111743$nBK-PRI$b $qFondi$B111743$CPULBib$Z2$F111743 $H $81 941 1 $a1 996 $6245$aLa storia degli Apostoli narrata ai fanciulli$9(OLS)http://pul/title/114018 996 $6260$aAssisi :$bEdizioni Pro Civitate Christiana$9(OLS)http://pul/publisher/60727